| 000 -CABECERA |
| campo de control de longitud fija |
01063nam a2200253 u 4500 |
| 001 - NÚMERO DE CONTROL |
| campo de control |
000078499 |
| 005 - FECHA Y HORA DE LA ÚLTIMA TRANSACCIÓN |
| campo de control |
20200120224320.0 |
| 008 - DATOS DE LONGITUD FIJA--INFORMACIÓN GENERAL |
| campo de control de longitud fija |
101105s2014 ck a gr 000 0 spa d |
| 020 ## - NÚMERO INTERNACIONAL ESTÁNDAR DEL LIBRO |
| Número Internacional Estándar del Libro |
9789586959537 |
| 041 ## - CÓDIGO DE LENGUA |
| Código de lengua del texto/banda sonora o título independiente |
spa |
| 043 ## - CÓDIGO DE ÁREA GEOGRÁFICA |
| Código de área geográfica |
s-ck--- |
| 082 04 - NÚMERO DE LA CLASIFICACIÓN DECIMAL DEWEY |
| Número de clasificación |
860.09 |
| Número de documento/Ítem |
U54 |
| Número de edición |
21 |
| 110 2# - ENTRADA PRINCIPAL--NOMBRE DE ENTIDAD CORPORATIVA |
| Nombre de entidad corporativa o nombre de jurisdicción como elemento de entrada |
Universidad Nacional de Colombia. Facultad de Ciencias Humanas |
| 245 14 - MENCIÓN DE TÍTULO |
| Título |
La imagen de Cundinamarca en cuatro siglos de literatura colombiana : |
| Resto del título |
siglos XVI al XIX / |
| Mención de responsabilidad, etc. |
Hugo Hernán Ramírez Sierra (compilador). |
| 250 ## - MENCIÓN DE EDICIÓN |
| Mención de edición |
1a. ed. |
| 260 ## - PUBLICACIÓN, DISTRIBUCIÓN, ETC. |
| Lugar de publicación, distribución, etc. |
Bogotá : |
| Nombre del editor, distribuidor, etc. |
Universidad de los Andes. Facultad de Artes y Humanidades. Departamento de Humanidades y Literatura |
| -- |
Gobernación de Cundinamarca, |
| Fecha de publicación, distribución, etc. |
2014. |
| 300 ## - DESCRIPCIÓN FÍSICA |
| Extensión |
134 p. |
| 500 ## - NOTA GENERAL |
| Nota general |
Incluye datos biográficos del compilador |
| 504 ## - NOTA DE BIBLIOGRAFÍA, ETC. |
| Nota de bibliografía, etc. |
Incluye bibliografía |
| 650 17 - PUNTO DE ACCESO ADICIONAL DE MATERIA--TÉRMINO DE MATERIA |
| Término de materia o nombre geográfico como elemento de entrada |
Literatura |
| Subdivisión general |
Historia |
| Subdivisión geográfica |
Cundinamarca (Colombia) |
| Subdivisión cronológica |
Siglos XVI-XIX |
| Fuente del encabezamiento o término |
LEMB. |
| 651 17 - PUNTO DE ACCESO ADICIONAL DE MATERIA--NOMBRE GEOGRÁFICO |
| Nombre geográfico |
Cundinamarca (Colombia) |
| Subdivisión de forma |
Poesía |
| Fuente del encabezamiento o término |
LEMB. |
| 651 27 - PUNTO DE ACCESO ADICIONAL DE MATERIA--NOMBRE GEOGRÁFICO |
| Nombre geográfico |
Cundinamarca (Colombia) |
| Subdivisión general |
Descripciones y viajes |
| Fuente del encabezamiento o término |
LEMB |
| 700 1# - PUNTO DE ACCESO ADICIONAL--NOMBRE DE PERSONA |
| Nombre de persona |
Ramírez Sierra, Hugo |
| Término indicativo de función/relación |
compilador. |